Quizzes
Events
Quiz Creation
Community
Videos
Private Events
Remove Ads
Sign In
Join for FREE
Feedback
Dark Mode
Quiz Categories
Sports
Geography
Music
Movies
Television
Just For Fun
Miscellaneous
History
Literature
Language
Science
Gaming
Entertainment
Religion
Holiday
For Kids
Quiz Lab
Recent
Popular Today
Quiz Kudos Today
Editor Picks
Curator Picks
Quizzes by...
Day
Popularity
Type
Ratings
Length
Year
Community
Subscriptions
Recent Discussions
Orange Saloon
Badges
Playlists
Quests
Create
Leaderboards
Showdown
Live 5
Trivia Bingo
Activity
Puzzle Library
Sporcle Events
Private Events
Virtual Trivia
Globe League
Become a Host
Pub Owners
SporcleCon
Opinionation
Our Games
Videos
Blog
Mobile Apps
Partnerships
Remove Ads and Go Orange
Feedback
Television
TV Characters
TV Show
Sitcom
Network
Friends
Reality Shows
Cast
South Park
Star Trek
The Simpsons
Doctor Who
Television
TV Characters
TV Show
Sitcom
Network
Friends
Reality Shows
Cast
South Park
Star Trek
The Simpsons
Doctor Who
Random Quiz
Search Sporcle
×
Quiz Lab
Quiz Lab
Television
TV Characters
Type answers based on single images at one time
Type answers based on single images at one time
Slideshow
Best Score? Go Orange.
Pretty Little Liars Characters Stats
Can you name the Pretty Little Liars Characters?
By
jamiegaga
7m
50 Questions
2,172 Plays
2,172 Plays
2,172 Plays
Comments
Comments
Give Quiz Kudos
Give Quiz Kudos
-
- Ratings
hide this ad
More Info
Replay
Link that replays current quiz
Next Quiz
Link to next quiz in quiz playlist
You Got
0%
They Got
Avg Score
66%
Avg Friend Score
Upgrade to see
Score Distribution
Jump to the score distribution portion of the page
Score
0/50
Timer
07:00
0
Plays Today
% Correct
Emily
99.6%
Aria
97.7%
Spencer
97.6%
Alison
97.4%
Hanna
97.3%
Ashley
90.9%
Melissa
90.8%
Ella
89.5%
Jason
86.5%
Pam
85.9%
Veronica
85.1%
Byron
83.9%
Jessica
83.1%
Mona
79.6%
Toby
78.8%
Caleb
77.8%
Paige
77.7%
Jenna
77.2%
Peter
77.1%
Lucas
77%
Ezra
75.3%
Tom
74.8%
Ian
74.7%
Wren
74.2%
Wayne
70.6%
% Correct
Noel
69.2%
Maya
67.9%
Shana
67.9%
Kenneth
66.6%
Garrett
62.1%
Mike
60.9%
Wilden
56.3%
Liam
56%
Alex
53.1%
Sean
52.9%
A
50.8%
Jordan
49.1%
Holbrook
44.8%
Meredith
44.6%
Lesli
42.9%
Jackie
42.8%
Nate
42.6%
Kate
42.1%
Yvonne
42%
Samara
39.5%
Dr Sullivan
38.9%
Tanner
37.9%
Barry
30.1%
Talia
28%
Leona
25.8%
Quiz Playlist
Details
Report
Send in Message
Add To Playlist
More Info:
Can you name the 50 Pretty Little Liars characters from all 6 seasons of the show?
Slideshow:
Type answers based on single images at one time
Last Updated: Feb 16, 2017
Quiz Scoreboard
CHALLENGE
Sign Up to Join the Scoreboard
Show All
Scores
Hide
Comments
May contain spoilers
Recently Published
TV Characters by Other Roles V
by ghcgh
Television
5m
Decade Duel: World Leaders
by jenniferyan
History
4m
Alphabetical 'K' Countries by Flag Minefield
by ylime102
Geography
3m
More to Explore
Quiz From the Vault
Featured Blog Post
15 Basketball Trivia Facts You Can Be March Mad About
hide this ad
You Might Also Like...
Tags
TV Characters Quiz
ABC Family
Pretty Little Liars
Today's Top Quizzes in Television
Browse Television
hide this ad
Today's Top Quizzes in TV Characters
Browse TV Characters
Top Contributed Quizzes in Television
1
Hidden Simpsons Character
2
One Piece Logic Puzzle
3
First Name TV: Leading Men
4
Hidden Simpsons Character XXIV
5
Grey's Anatomy Logic Puzzle
6
First Name TV: Leading Women Drama
7
Hidden Simpsons Character II
8
Hidden Simpsons Character XXVI
9
Hidden Simpsons Character XXV
10
TV Characters by Other Roles VI
Explore More
Trending Topics
Anime
NBA
Disney
Marvel
Harry Potter
Crossword
Kpop
Song
NFL
Puzzle
Country
Soccer
Pokémon
The Office
WWE
hide this ad
More By:
jamiegaga
Quiz
Plays
Rating
Category
Featured
Created
Pretty Little Liars Characters
2,172
Television
Mar 26, 2016
Capital City Anagrams
197
4.50
Geography
Oct 21, 2014
Go to Creator's Profile
Score Distribution
Quiz Creator Spotlight
jamiegaga
Follow
Send a Message
Quizzes Created
-
Created Quiz Play Count
-
More By This Creator
Popular Quizzes Today
1
Countries of Asia Without Outlines Minefield
2
Find the US States - No Outlines Minefield
3
Pick 6: Fruits
4
The Countries of the World
5
Find the Countries of Europe - No Outlines Minefield
6
Alphabetical 'K' Countries by Flag Minefield
7
US States
8
Find the US States
More Television Quizzes
50 One Tree Hill Characters (Season 1-6)
Quiz Lab
Trending Quizzes
Pick 6: Mountains
Pick 6: Harry Potter
Pick 6: NFL Teams
Pick 6: Flags
C Names for Actors
Recently Updated
Adaptations: Name the Title
pecheneg
NWSL Teams
pecheneg
Women's Final Four Teams by Year
bhenderson79
Presidents Quartet II
eogle
Anything But Clue(do)
eogle
Anything But Oceanian Capitals
eogle
Anything But 7
eogle
Anything But Thing
eogle
Word Ladder: February 29
pecheneg
Song Title Questions
pecheneg
Trending Topics
Kpop
Crossword
Anime
Harry Potter
Disney
NBA
Marvel
Puzzle
Country
The Office
Soccer
NFL
Pokémon
WWE
Song
Your Account Isn't Verified!
In order to create a playlist on Sporcle, you need to verify the email address you used during registration. Go to your
Sporcle Settings
to finish the process.
Report this User
Report this user for behavior that violates our
Community Guidelines
.
Details:
Send Report
Go to the Sporcle.com Mobile Site →
Comments